00563 2200181 4500245002800000020001800028250001100046100001300057700002600070650002000096005001900116260002800135041001400163084000800177300002300185500016400208336000900372 aNatsukacDestrikahText a979-732-804-X aCet. 2 aDestrika aA. Ariobimo Nusantara aNovel Indonesia a20231004095818 aJakartabGrasindoc2004 aIndonesia a813 a167 hlm. :c19 cm. aAku Natsuka. Papa ku orang padang dan mamaku orang jepang asli. Umurku masih 15 tahun, ketika tiba-tiba aku harus kehilangan papa dan mamaku, sekaligus adikku. atext